MARC

LEADER 00000nam0a2200000 4500
001 368156
005 20231102012045.0
035 |a (RuTPU)RU\TPU\retro\25519 
090 |a 368156 
100 |a 20220331d1980 km y0rusy50 ca 
101 0 |a rus 
102 |a RU 
105 |a a z 001zy 
200 1 |a Аппаратура для научной фоторегистрации и киносъемки  |f С. В. Кулагин 
210 |a Москва  |c Машиностроение  |d 1980 
215 |a 166 с.  |c ил. 
320 |a Библиогр.: с. 161-163 
606 1 |a Прикладная фотография  |2 stltpush  |3 (RuTPU)RU\TPU\subj\51673  |9 70245 
606 1 |a Киносъемка комбинированная  |2 stltpush  |3 (RuTPU)RU\TPU\subj\14379  |9 40780 
610 1 |a фотоаппаратура 
610 1 |a фоторегистрация 
610 1 |a фотоматериалы 
610 1 |a щелевая фоторегистрация 
610 1 |a кинотеодолитная съемка 
610 1 |a высокоскоростная видеосъемка 
610 1 |a применение 
675 |a 77.02  |v 4 
675 |a 778.53  |v 4 
700 1 |a Кулагин  |b С. В.  |g Сергей Васильевич 
801 1 |a RU  |b 63413507  |c 20220331 
942 |c BK